[Event "SLO-CRO m"]
[Site "Celje"]
[Date "2004.05.15"]
[Round "1"]
[White "Tomac, Zdravko"]
[Black "Bevk, Samo"]
[Result "1/2-1/2"]
[WhiteElo "1500"]
[BlackElo "2000"]
[PlyCount "60"]
[EventDate "2004.05.??"]
[EventType "match"]
[EventRounds "1"]
[EventCountry "SLO"]
[SourceTitle "EXT 2005"]
[Source "ChessBase"]
[SourceDate "2004.11.15"]
[SourceVersion "1"]
[SourceVersionDate "2004.11.15"]
[SourceQuality "1"]

1. f4 d5 2. Nf3 c5 3. e3 Nf6 4. Be2 g6 5. b3 Bg7 6. Bb2 Nc6 7. 0-0 0-0 8. a3 Nh5 9. Bxg7 Nxg7 10. Qe1 Qd6 11. Nc3 a6 12. Rd1 e5 13. fxe5 Nxe5 14. Qg3 Nxf3+ 15. Bxf3 Qxg3 16. hxg3 d4 17. exd4 cxd4 18. Ne4 Nf5 19. Kh2 Rd8 20. g4 Nd6 21. Rde1 Nxe4 22. Rxe4 Be6 23. d3 Rac8 24. Rf2 Rc7 25. Bd1 b6 26. Kg3 a5 27. Rff4 Rcd7 28. g5 Kg7 29. Bg4 Bxg4 30. Rxg4 Rd5 1/2-1/2